150 degrés méridiens de l'ouest des pays - Statistiques

Statistiques générales
  • Ce quiz a été pris 22 fois
  • Le résultat moyen est 13 sur 20
Statistiques - réponses
degrés pays % Correct
9.00° Canada
95%
Etats-Unis
95%
32.88° Mexique
81%
18.98° Russie
81%
56.36° Australie
71%
40.55° Chili
71%
26.16° Nouvelle-Zélande
71%
37.83° Îles Marshall
67%
0.19° Kiribati
67%
39.76° Vanuatu
67%
28.75° Fidji
62%
7.32° Îles Cook
62%
46.96° Micronésie
62%
43.87° Salomon
62%
21.43° Samoa
62%
23.90° Tonga
62%
43.04° Nauru
57%
30.13° Tuvalu
52%
54.05° Papouasie-Nouvelle- Guinée
48%
19.78° Niue
43%
Aucun quiz correspondant
Distribution des résultats
% des personnes avec chaque résultat
Percentile par nombre de réponses
Votre historique - résultats
Vous n’avez pas pris ce quiz